00518nam a2200181Ia 4500008004100000020001800041082000800059100002800067245003900095250000600134260002800140300001500168500002400183650001500207942000700222952009000229999001700319230524s9999 xx 000 0 und d a9780198072449 bTYA aAgam Kumar Tyagi942631 0aMATLAB and Simulink: For Engineers a7 aNew DelhibOxfordc2012 a"XV,449p;" aQuantity Number: 1 aElectrical cBK 00104070aTATCLbTATCLcGENd2023-05-24l0o TYAp54024r2023-05-24w2023-05-24yBK c57642d57642